000 00439nam a2200169 a 4500
001 0000-9385
003 ELIB.Books
008 110520 1969
035 _a(ELIB.Books)0000-9537
082 _a251
_bCri
100 _aCriswell, W.A.
245 _aWhy I Preach that the Bible Is Literally True
260 _bTennessee: Broadman Press
_c1969
650 _aPreaching
942 _2ddc
_cBK
998 _cbat
_e2011-05-20
999 _c9385
_d9385